000 00645nam a2200193 i 4500
001 128809
003 ES-MaACL
005 20230906193350.0
007 t|
008 070528s1943 sp ||||1| spa d
080 _a929 Isabel de Farnesio
100 1 _aTaxonera, Luciano de,
_d1890-1967
_9109428
245 1 0 _aIsabel de Farnesio :
_bretrato de una reina y perfil de una mujer (1692-1766) /
_cLuciano de Taxonera.
260 _aBarcelona :
_bJuventud,
_c1943.
300 _a284 p. :
_bil. ;
_c23 cm.
600 0 4 _aIsabel
_cReina consorte de Felipe V, Rey de EspaƱa.
_9159688
852 4 _aES-MaACL
_jB-9799
999 _c128809
_d128809